01021nas a2200277 4500001001000000003000900010005001700019007000300036008003400039040005400073041000900127072000800136100001700144100002500161245008300186246006500269650000800334650001600342650001300358650001400371773012800385909004000513942001800553999001900571952015300590BR8401484BR-BrBNA20231205085835.0ta230509b bl.|||p| |||| 00| 00por d aBR-BrBNAbporcBiblioteca Nacional de Agricultura a(Pt) aL701 aBernis, W.O.1 aAlmeida, Z.M.O.F. de1 aObservacoes sobre o uso de cloridrato de triflupromazina em caes [medicamento]1 aSome effects of triflupromazine hydrochloride on dogs [drug] aCAO aMEDICAMENTO aCIRURGIA aANESTESIA0 tArquivo Brasileiro de Medicina Veterinaria e Zootecnia (Brazil)xISSN 0365-8384g(Apr 1983), v. 35(2) p. 151-157wBR8401484 a202311bLúciac55dLúcia Elande 2AGRISn0cANA c114197d114197 002AGRIS4071a41918b41918cPeriódicos Agrícolash(Apr 1983), v. 35(2) p. 151-157l0r2023-11-29t01yCRePortaria Interministerial nº 164/94